Normal view
MARC view
- Engineering Chemistry
Entry Topical Term
001 - CONTROL NUMBER
- control field: 137
003 - CONTROL NUMBER IDENTIFIER
- control field: OSt
005 - DATE AND TIME OF LATEST TRANSACTION
- control field: 20141209153517.0
008 - FIXED-LENGTH DATA ELEMENTS
- fixed length control field: 141209|| aca||aabn | a|a d
040 ## - CATALOGING SOURCE
- Original cataloging agency: OSt
- Transcribing agency: OSt
150 ## - HEADING--TOPICAL TERM
- Topical term or geographic name as entry element: Engineering Chemistry
670 ## - SOURCE DATA FOUND
- Source citation: Work cat.: (OSt): Shashi Chawla 136, A Text Book of Engineering Chemistry, 2012
